home page   АИС "Историко-культурное наследие Беларуси"
  Базовый | Расширенный | Профессиональный | Словарь персоналий | Тематический словарь | По видам объектов История запросов  Заказы    Регистрация

Запись в MARC-формате

копировать MARC-запись

=LDR  00000nx\\c2200241\\\45\\
=001  BY-NLB-ar6617305
=005  20160330095639.9
=100  \\$a20131008abely50\\\\\\ca0
=152  \\$apsbo
=160  \\$ae-bw
=215  \\$aКасцёл Святога Апостала Яна Багаслова (Багушэвічы, аграгарадок; Бярэзінскі раён)
=300  1\$aПомнік архітэктуры рэтраспектыўна-гатычнага стылю. Пабудаваны ў сярэдзіне 19 ст. Уваходзіў у склад сядзібна-паркавага ансамбля.
=356  \\$aЗнаходзіцца ў паўночнай частцы аграгарадка Багушэвічы Бярэзінскага раёна Мінскай вобласці.
=415  \\$aБагушэвіцкі касцёл
=415  \\$aКасцёл Божага Цела (Багушэвічы, аграгарадок; Бярэзінскі раён)
=515  \\$5w$3BY-NLB-ar6617325$aКостел Святого Апостола Иоанна Богослова (Богушевичи, агрогородок; Березинский район)
=801  \0$aBY$bBY-HM0000$c20131008
=810  \\$aКаталіцкія храмы на Беларусі : энцыклапедычны даведнік / А. М. Кулагін. — Мінск, 2000.
=810  \\$aКаталіцкія храмы Беларусі / А. М. Кулагін. — Мінск, 2008.
=810  \\$aТуристская энциклопедия Беларуси. — Минск, 2007.
=856  4\$uhttp://globus.tut.by/bogushevic/index.htm$zСайт "Глобус Беларуси".
=999  \\$f2786 NLB-NDARD$t20131008
=999  \\$h1848 NLB-NDARD$t20131109

Чтобы вернуться назад, щелкните кнопку BACK на Вашем браузере